|
|
|
|
| LEADER |
01447nam a2200337 a 4500 |
| 001 |
AAL 5565 |
| 003 |
BD-DhAAL |
| 005 |
20160209173631.0 |
| 008 |
150205s1996 ctua b 001 0 eng |
| 010 |
|
|
|a 95083858
|
| 020 |
|
|
|a 0697312941
|
| 040 |
|
|
|a DLC
|c DLC
|d BD-DhAAL
|
| 050 |
0 |
0 |
|a E184.A1
|b T338 1996
|
| 082 |
0 |
0 |
|a 305.8/00973
|2 20
|
| 999 |
|
|
|c 33595
|d 33595
|
| 999 |
|
|
|c 33595
|
| 245 |
0 |
0 |
|a Taking sides.
|p Clashing views on controversial issues in race and ethnicity /
|c edited, selected, and with introductions by Richard C. Monk.
|
| 250 |
|
|
|a 2nd ed.
|
| 260 |
|
|
|a Guilford, Conn. :
|b Dushkin Pub. Group/Brown & Benchmark Publishers,
|c c1996.
|
| 300 |
|
|
|a xxii, 355 p. :
|b ill. ;
|c 24 cm.
|
| 500 |
|
|
|a Issue for 6th ed., - cataloged as a serial in LC.
|5 DLC
|
| 504 |
|
|
|a Includes bibliographical references and index.
|
| 541 |
|
|
|e 5565
|
| 650 |
|
0 |
|a Minorities
|z United States.
|9 8004
|
| 650 |
|
0 |
|a Social classes
|z United States.
|9 8005
|
| 651 |
|
0 |
|a United States
|x Race relations.
|9 8006
|
| 651 |
|
0 |
|a United States
|x Ethnic relations.
|9 8007
|
| 700 |
1 |
|
|a Monk, Richard C.,
|d 1943-
|9 8008
|
| 942 |
|
|
|2 ddc
|c BK
|
| 952 |
|
|
|0 0
|1 0
|2 ddc
|4 0
|6 305_800973000000000_TAK
|7 0
|9 52479
|a SCL
|b SCL
|c GEN
|d 2015-02-05
|l 0
|o 305.800973 TAK
|p 3020005565
|r 2015-02-05
|t 1
|w 2015-02-05
|y BK
|
| 952 |
|
|
|0 0
|1 0
|2 ddc
|4 0
|6 305_800973000000000_TAK
|7 0
|9 54390
|a SCL
|b SCL
|c GEN
|d 2015-06-18
|e Gift: The Asia Foundation
|l 0
|o 305.800973 TAK
|p 3020005566
|r 2023-03-15
|t 2
|w 2015-06-18
|y BK
|